000 01126cam a22001934a 4500
005 20250605164044.0
008 250528s ||||||||||||||||||||||||d
035 _a17064
020 _a853455147
040 _aGR-AtMCL
_bgre
_dGR-AtMCL
_eAACR2
245 1 _aClass Struggles in the USSR / Second Period: 1923-1930
260 _bMonthly Review Press,
_c1978
300 _a640
520 _aAn analysis of the functioning and the reasons for the main failures of the new economic policy in Soviet Russia. Preface, Introduction to the Second Period, The Development of Commodity and Money Relations and of Planning in the NEP Period, The Village During the NEP Period. Differentiation and Class Struggles. Agricultural Policy and Transformation of Social Relations in Agriculture, The Contradictions and Class Struggles in the Industrial and Urban Sectors, The Changes in Ideological and Political Relations within the Bolshevik Party, The ''Great Change'' and the Emergence of New Contradictions, Bibliography, Index.
700 1 _aBettelheim Charles
_93196
942 _cBK
999 _c2504
_d2504